000 01894nam0a2200385 i 4500
001 RU\NLR\BIBL_A\010347270
005 20240921164254.0
010 _a9785928209643
_9100
021 _aRU
_b2014-13632
_9879
035 _a(NILC)RuMoRGB-006752584
035 _a(NLR Aleph) 010347270
090 _a10730067
_c10730067
100 _a20140424d2013 km y0rusy50 ca
101 0 _arus
102 _aRU
105 _aa|||z||||00yy
200 1 _aУправление и оценка стоимости земельных ресурсов
_fТ. В. Учинина
_gМ-во образования и науки Российской Федерации, Федеральное гос. бюджетное образовательное учреждение высш. проф. образования "Пензенский гос. ун-т архитектуры и строительства" (ПГУАС)
210 _aПенза
_cИзд-во ПГУАС
_d2013
215 _a171 с.
_cил.
_d21
320 _aБиблиогр.: с. 166-171 (71 назв.)
606 1 _aЗемельные ресурсы
_xУправление
_yПензенская область
_92216090
_3RU\NLR\AUTH\6601564488
606 1 _aЗемельные ресурсы
_xОценка
_yРоссийская Федерация
_92220625
_3RU\NLR\AUTH\661333450
606 1 _aНедвижимое имущество
_xКадастры
_yРоссийская Федерация
_92501121
_3RU\NLR\AUTH\661483409
675 _a332.6
686 1 _aУ32(2)-51-21(2Р-4П)
686 1 _aУ32(2)-51(2Р)
686 1 _aХ625.511
700 1 _aУчинина
_bТ. В.
_gТатьяна Владимировна
801 0 _aRU
_bRuMoRKP
_c20140303
_gRCR
801 2 _aRU
_bРГБ
_c20140318
_grcr
801 1 _aRU
_bRuMoRKP
_c20140303
_2rusmarc
942 _cBOOK
980 _aNBR